000 00853nam a2200205Ia 4500
001 17658
003 GE_BSU
008 181216s||||||||xx |||||||||||||| ||und||
040 _cGE_BSU
080 _a628(035.5)
100 _aДуханин,Ю.А. осминкин,Я.М. Сидорочкин,С.С. и др.
245 _aСправочник по технике безапастности противопожарной технике и производственной санитарий. Том 2.
260 _aЛ.
260 _bСудостроение.
260 _c1970.
300 _a664 стр. с илл. 23 см.
300 _eТабл.
653 _aСправочник по технике безапастности противопожарной технике и производственной санитарий.
942 _cBK
999 _c50707
_d50707